Largest Cities in the World Ending in 'n' - Statistics

General Stats
  • This quiz has been taken 236 times
  • The average score is 13 of 25
Answer Stats
# Population Region Answer % Correct
2 14,800,000 Europe London
98%
15 4,750,000 Europe Berlin
81%
1 15,500,000 Asia Tehran
78%
9 6,800,000 Americas Houston
68%
10 6,150,000 Europe Milan
68%
7 7,700,000 Americas Boston
63%
5 9,250,000 Asia Wŭhàn
63%
3 13,200,000 Asia Tiānjīn
62%
6 8,550,000 Americas Washington
62%
8 7,100,000 Asia Xī'ān
59%
18 4,300,000 Africa Cape Town
58%
11 5,750,000 Asia Yangon
52%
13 5,700,000 Asia Amman
48%
4 10,200,000 Asia Xiàmén
48%
25 3,475,000 Africa Durban
47%
21 4,075,000 Asia Busan
46%
14 5,150,000 Asia Harbin
42%
20 4,100,000 Americas Medellín
42%
11 5,750,000 Africa Abidjan
41%
16 4,625,000 Asia Dàlián
32%
21 4,075,000 Asia Medan
30%
24 3,675,000 Africa Ibadan
26%
17 4,600,000 Asia Jìnán
26%
23 3,750,000 Asia Chángchūn
13%
19 4,175,000 Asia Tàiyuán
11%
No matching quizzes found
Score Distribution
Percent of People with Each Score
Percentile by Number Answered
Your Score History
You have not taken this quiz